Culture Générale - Série 2602 - Statistiques

Statistiques générales
  • Ce quiz a été pris 120 fois
  • Le résultat moyen est 3 sur 10
Statistiques - réponses
Question Réponse % Correct
Quel poisson est la reine de la gastronomie portugaise ? morue
76%
Quel pays a remporté la coupe du monde de football en 2010 ? Espagne
59%
Qui a écrit la chanson "Le déserteur" en 1954 ? Boris Vian
57%
Droite qui partage un angle en deux angles de même mesure bissectrice
45%
Dans quel sport peut-on exécuter un salchow ? 2 mots patinage artistique
27%
Quelle mesure de poids anglo-saxonne a pour symbole "oz" ? once
25%
Sous quel nom est également connu le serpent appelé "eunecte" ? anaconda
24%
Petit obstacle qui arrête la réalisation de quelque chose ; ennui, incident - 9 lettres commençant par " a " anicroche
21%
Comment s'appelle un lutin en Bretagne ? korrigan
10%
Quel cétacé est surnommé le «lévrier des mers» ? rorqual
4%
Aucun quiz correspondant
Distribution des résultats
% des personnes avec chaque résultat
Percentile par nombre de réponses
Votre historique - résultats
Vous n’avez pas pris ce quiz